Memorias de la Revolución de Méjico y de la expedición del General D. Francisco Javier Mina (Record no. 163650)
[ view plain ]
| 000 -LEADER | |
|---|---|
| campo de control de longitud fija | 01510nam a2200265 i 4500 |
| 001 - NÚMERO DE CONTROL | |
| campo de control | 163650 |
| 003 - IDENTIFICADOR DE NÚMERO DE CONTROL | |
| campo de control | ES-MaACL |
| 005 - FECHA Y HORA DE LA ÚLTIMA TRANSACCIÓN | |
| campo de control | 20230906212801.0 |
| 008 - DATOS DE LONGITUD FIJA--INFORMACIÓN GENERAL | |
| campo de control de longitud fija | 991019s1888 fr a |||| |dspa d |
| 100 1# - ENTRADA PRINCIPAL--NOMBRE DE PERSONA | |
| Nombre de persona | Robinson, William Davis. |
| 9 (RLIN) | 97909 |
| 245 10 - MENCIÓN DEL TÍTULO | |
| Título | Memorias de la Revolución de Méjico y de la expedición del General D. Francisco Javier Mina |
| Resto del título | : a que se han agregado algunas observaciones sobre la comunicación proyectada entre los dos océanos, Pacífico y Atlántico / |
| Mención de responsabilidad, etc. | escritas en inglés por William Davis Robinson y traducidas por José Joaquín de Mora. |
| 250 ## - MENCION DE EDICION | |
| Mención de edición | 2ª ed. |
| 260 ## - PUBLICACIÓN, DISTRIBUCIÓN, ETC. | |
| Lugar de publicación, distribución, etc. | Paris : |
| Nombre del editor, distribuidor, etc. | J.I. Ferrer, |
| Fecha de publicación, distribución, etc. | 1888 ( |
| Lugar de fabricación/manufactura | Barcelona : |
| Fabricante | Imp. de Luis Tasso Serra) |
| 300 ## - DESCRIPCIÓN FÍSICA | |
| Extensión | 397 p., [1] h. de grab., [1] h. de map. pleg. ; |
| Dimensiones | 22 cm. |
| 510 4# - NOTA DE CITAS O REFERENCIAS BIBLIOGRÁFICAS | |
| Nombre de la fuente | Palau, |
| Localización dentro de la fuente | T. XVII, 271096 |
| 530 ## - NOTA DISPONIBLE DE FORMULARIO FÍSICO ADICIONAL | |
| Nota de formato físico adicional disponible | Disponible en formato digital. |
| 595 ## - | |
| -- | En port.: "La 1ª edición española impresa en Londres, decía las publica R. Ackermann... Londres 1824" |
| 599 ## - NOTA A LAS ILUSTRACIONES | |
| NOTA A LAS ILUSTRACIONES | La h. de grab. es un retr. del general D. Francisco Javier Mina. |
| 599 ## - NOTA A LAS ILUSTRACIONES | |
| NOTA A LAS ILUSTRACIONES | La h. de map. lit. "Litho y 3 Ball Alley Lombard St.": "Mapa de una parte del territorio de Nueva España..." |
| 600 14 - PUNTO DE ACCESO ADICIONAL DE MATERIA--NOMBRE DE PERSONA | |
| Nombre de persona | Mina, Francisco Javier ( |
| Fechas asociadas al nombre | 1789-1817) |
| 9 (RLIN) | 151681 |
| 651 #4 - PUNTO DE ACCESO ADICIONAL DE MATERIA--NOMBRE GEOGRÁFICO | |
| Nombre geográfico | México- |
| Subdivisión general | Historia- |
| Subdivisión cronológica | 1810-1821, Guerra de la Independencia. |
| 9 (RLIN) | 168986 |
| 700 1# - ENTRADA AGREGADA--NOMBRE PERSONAL | |
| Nombre de persona | Mora, José Joaquín de ( |
| Fechas asociadas al nombre | 1783-1864) |
| 9 (RLIN) | 82860 |
| 852 ## - LOCALIZACIÓN | |
| Ubicación | ES-MaACL |
| Número de control de estantería | D-4853 |
| Nota libre | - Enc. hol. |
| 856 ## - LOCALIZACIÓN Y ACCESO ELECTRÓNICOS | |
| Identificador Uniforme de Recursos | <a href="http://www.liburuklik.euskadi.eus/handle/10771/25377 ">http://www.liburuklik.euskadi.eus/handle/10771/25377 </a> |
| Nota pública | Biblioteca Digital Vasca |
| Estatus retirado | Estado de pérdida | Estado de daño | No para préstamo | Colección | Biblioteca de origen | Biblioteca actual | Ubicación en estantería | Fecha de adquisición | Fuente de adquisición | Total de préstamos | Signatura topográfica completa | Código de barras | Visto por última vez | Precio de reemplazo | Tipo de ítem Koha |
|---|---|---|---|---|---|---|---|---|---|---|---|---|---|---|---|
| Colección digital | Biblioteca del Ateneo de Madrid | Biblioteca del Ateneo de Madrid | Sala Valle Inclán | 17/01/2008 | D-4853 | 901171493 | 23/02/2023 | 23/02/2023 | Libro impreso antiguo |
